Normal view
MARC view
- السياسة المالية-الاستقرار الاقتصادي-الاستقرار السياسي-الادارة المالية الحكومية-البلدان النامية
Entry Topical Term
001 - CONTROL NUMBER
- control field: 63170
003 - CONTROL NUMBER IDENTIFIER
- control field: JO-AjAnu
005 - DATE AND TIME OF LATEST TRANSACTION
- control field: 20230606084319.0
008 - FIXED-LENGTH DATA ELEMENTS
- fixed length control field: 230606|| aca||aabn | a|a d
040 ## - CATALOGING SOURCE
- Original cataloging agency: JO-AjAnu
- Transcribing agency: JO-AjAnu
150 ## - HEADING--TOPICAL TERM
- Topical term or geographic name entry element: السياسة المالية-الاستقرار الاقتصادي-الاستقرار السياسي-الادارة المالية الحكومية-البلدان النامية
670 ## - SOURCE DATA FOUND
- Source citation: Work cat.: (JO-AjAnu)32207: السعدي، اخلاص قاسم، م مشارك حنين عامر القرغولي, author 63169, الشفافية المالية والاستقرار السياسي والاقتصادي للبلدان النامية